Muhammad : a biography of the Prophet (controversial book placed in closed shelve) / (Record no. 331127)
[ view plain ]
| 000 -LEADER | |
|---|---|
| fixed length control field | 00755 a2200193 4500 |
| 001 - CONTROL NUMBER | |
| control field | 86247 |
| 003 - CONTROL NUMBER IDENTIFIER | |
| control field | NUST |
| 005 - DATE AND TIME OF LATEST TRANSACTION | |
| control field | 20180116120633.0 |
| 008 - FIXED-LENGTH DATA ELEMENTS--GENERAL INFORMATION | |
| fixed length control field | 170915b xxu||||| |||| 00| 0 eng d |
| 020 ## - INTERNATIONAL STANDARD BOOK NUMBER | |
| International Standard Book Number | 9781842126080 |
| 040 ## - CATALOGING SOURCE | |
| Transcribing agency | NUST |
| 082 ## - DEWEY DECIMAL CLASSIFICATION NUMBER | |
| Classification number | 297.63 |
| Author Mark | ARM |
| 100 ## - MAIN ENTRY--PERSONAL NAME | |
| Personal name | Karen Armstrong |
| 9 (RLIN) | 4608 |
| 245 ## - TITLE STATEMENT | |
| Title | Muhammad : a biography of the Prophet (controversial book placed in closed shelve) / |
| Statement of responsibility, etc. | by Karen Armstrong |
| 250 ## - EDITION STATEMENT | |
| Edition statement | 1st |
| 260 ## - PUBLICATION, DISTRIBUTION, ETC. | |
| Place of publication, distribution, etc. | London |
| Name of publisher, distributor, etc. | Phoenix |
| Date of publication, distribution, etc. | 2001 |
| 300 ## - PHYSICAL DESCRIPTION | |
| Extent | 290p. |
| 500 ## - GENERAL NOTE | |
| General note | General Collection |
| 650 ## - SUBJECT ADDED ENTRY--TOPICAL TERM | |
| Topical term or geographic name entry element | Seerat un Nabi- Biography |
| 9 (RLIN) | 3111 |
| 942 ## - ADDED ENTRY ELEMENTS (KOHA) | |
| Koha item type | Book |
| Source of classification or shelving scheme | |
| Withdrawn status | Lost status | Source of classification or shelving scheme | Damaged status | Not for loan | Collection code | Permanent Location | Current Location | Shelving location | Date acquired | Total Checkouts | Total Renewals | Full call number | Barcode | Date last seen | Date last checked out | Copy number | Price effective from | Koha item type |
|---|---|---|---|---|---|---|---|---|---|---|---|---|---|---|---|---|---|---|
| Central Library (CL) | Central Library (CL) | First Floor - Islam | 09/15/2017 | 5 | 4 | 297.63 ARM | CL56 | 06/01/2023 | 10/03/2022 | 1 | 09/15/2017 | Book |
